00446pam a2200157 a 4500001001100000005001700011008003900028020002200067035001600089100002200105245005600127260004200183300002100225650002000246050002200266000000139520140825163944.0820217s1982 tnu 00010 eng a0687387175 (pbk.) a 8200183010aSchaller, Lyle E.14aThe small church is different! /cLyle E. Schaller.0 aNashville, Tenn. :bAbingdon,cc1982. a192 p. ;c20 cm. 0aSmall churches. aBV637.8b.S3 1982